000 00905nam a2200253 i 4500
001 125083
003 ES-MaACL
005 20230906192540.0
007 t|
008 070503s1935 sp ||||1| spa d
080 _a860-22"19"
100 1 _aQuintero, Antonio.
_994718
245 1 0 _aOro y marfil
_b: comedia en tres actos /
_cAntonio Quintero y Pascual Guillén : dibujos de Antonio Merlo.
260 _aMadrid :
_bRivadeneyra,
_c1935.
300 _a64 p. ;
_c17 cm.
490 1 _aLa Farsa ;
_v398
500 _aEstrenada en el Teatro Fontalba de Madrid la noche del 4 de diciembre de 1934.
500 _aCubierta de este número: María Fernanda Ladrón y Rafael Rivelles en una escena de Oro y marfil.
700 1 _aGuillén, Pascual.
_960774
700 1 _aMerlo, Antonio.
_980579
830 0 _aLa Farsa ;
_v398
_9185863
852 _aES-MaACL
_j2225-F-15
_bR.140785
999 _c125083
_d125083